01087nam0a22002411 4500001001100000005001700011021001900028035002600047100004100073101000800114102000700122105001800129200017800147210004500325215002700370300015700397606006500554700009100619701007600710801001800786801002200804852001900826rc\489321020250613031919.0 aRUb[61-43071] a(NLR Aleph) 008923926 a20130426d1961 |||y0rusy50 ca0 arus aRU aa z |||||1 aКурс теории колебанийe[Для машиностроит., электротехн. и строит. специальностей втузов СССР] aМоскваcВысш. школаd1961 a207 с.cчерт.d22 aПеред загл. авт.: д-р техн. наук проф. А.А. Яблонский, д-р техн. наук проф. С.С. Норейко aКолебанияjУчебники и пособия2psbo 1aЯблонскийbА.А.f1903-1995gАлександр Александрович 1aНорейкоbС.С.gСигизмунд Сильвестрович 0aRUbNLRgpsbo 1aRUbELAR2rusmarc aNLRj61-5/2854